Statistics for Country to Capital Chain Game #3

Click here to take the quiz!

General Stats

  • This quiz has been taken 75 times
  • The average score is 13 of 20

Answer Stats

CountryCapital% Correct
RussiaMoscow
100%
South KoreaSeoul
95%
PanamaPanama City
93%
GreeceAthens
92%
U.A.E.Abu Dhabi
87%
NigerNiamey
70%
SloveniaLjubljana
69%
SomaliaMogadishu
69%
MadagascarAntananarivo
67%
MalaysiaKuala Lumpur
67%
ChileSantiago
67%
ArmeniaYerevan
66%
MexicoMexico City
59%
IcelandReykjavik
59%
BhutanThimphu
59%
BulgariaSofia
57%
Marshall IslandsMajuro
39%
Burkina FasoOuagadougou
38%
LuxembourgLuxembourg
28%
GrenadaSt. George's
28%

Score Distribution

Percentile by Number Answered

Percent of People with Each Score

Your Score History

You have not taken this quiz